000 00823nam a22002417a 4500
005 20230512222045.0
008 180510t xxu||||| |||| 00| 0 eng d
020 _a9789715812382
040 _cCSPC
082 0 _a616.025
_bW679h
100 _aWillis, Richard J. B.,
_eauthor.
245 0 0 _aHome health care :
_bsimple measures for emergencies in the home /
_cRichard J. B. Willis
250 _bRevised edition
260 _aPhilippines :
_bPhilippine Publishing House,
_c2008.
300 _a106 pages :
_bimages ;
_c25 cm.
650 1 0 _aMedical emergencies.
650 1 0 _aFirst aid in illness and injury.
700 1 _aWilby, John M.,
_eauthor.
940 _a123
942 _cBOOK
_jCIR 616.025 W679h 2008
999 _c4288
_d4288